000 00582nam a22001937a 4500
003 OSt
005 20240712153955.0
008 240712b |||||||| |||| 00| 0 eng d
020 _a9282011313
040 _aDDC
_cMUST
082 _a306.43 TOW 2003
100 _aEdited by Adama Ouane
_918715
245 _aTowards A multilingual Culture of Education/
_cEdited by Adama Ouane
260 _aGermany:
_bUNESCO Institute for Education;
_c2003.
300 _aiv,469p.:
_bill,;
_c21cm
504 _aIncludes Bibliographical Appendices
650 _aEducation
_91404
942 _2ddc
_cO_SHELF
999 _c9175
_d9175